[Event "Heusenstamm Sparkassen Open"]
[Site "Heusenstamm"]
[Date "2017.11.23"]
[Round "1.1"]
[White "Bortnyk, Oleksandr"]
[Black "Seehaus, Bernhard"]
[Result "1-0"]
[WhiteElo "2600"]
[BlackElo "2008"]
[PlyCount "59"]
[EventDate "2017.??.??"]

1. e4 d6 2. d4 Nf6 3. Nc3 c6 4. Nge2 Qa5 5. Bd2 Qc7 6. g3 e5 7. Bg2 exd4 8.
Nxd4 g6 9. O-O Bg7 10. Bf4 O-O 11. Nf3 Rd8 12. Qd2 Nh5 13. Bh6 Nd7 14. Bxg7
Nxg7 15. Rad1 Nf8 16. h3 b5 17. Rfe1 b4 18. Ne2 a5 19. Qh6 Be6 20. b3 d5 21. e5
c5 22. g4 a4 23. Nf4 axb3 24. axb3 Ra2 25. Ng5 Rxc2 26. Nxd5 Bxd5 27. Bxd5 Nge6
28. Bxe6 fxe6 29. Nxh7 Rxd1 30. Nf6+ 1-0

[Event "Heusenstamm Sparkassen Open"]
[Site "Heusenstamm"]
[Date "2017.11.23"]
[Round "1.2"]
[White "Roediger, Thomas"]
[Black "Sumets, Andrey"]
[Result "0-1"]
[WhiteElo "2006"]
[BlackElo "2588"]
[PlyCount "66"]
[EventDate "2017.??.??"]

1. d4 Nf6 2. c4 e6 3. Nf3 d5 4. e3 a6 5. Nc3 dxc4 6. Bxc4 b5 7. Bd3 Bb7 8. O-O
c5 9. dxc5 Bxc5 10. a3 O-O 11. b4 Be7 12. Bb2 Nbd7 13. Qe2 Bxf3 14. gxf3 Ne5
15. Rfd1 Nxd3 16. Rxd3 Qc7 17. Rad1 Rac8 18. Rd4 Qb7 19. f4 Rfd8 20. Rxd8+ Bxd8
21. Qd3 Be7 22. Ne2 Qf3 23. Bxf6 Bxf6 24. Ng3 h6 25. Rf1 h5 26. Ne4 Bh4 27. Nd2
Qg4+ 28. Kh1 Rd8 29. Qc3 Bf6 30. Qc1 Qe2 31. Nb3 Qf3+ 32. Kg1 h4 33. Nd2 Rxd2
0-1

[Event "Heusenstamm Sparkassen Open"]
[Site "Heusenstamm"]
[Date "2017.11.23"]
[Round "1.3"]
[White "Stocek, Jiri"]
[Black "Rettig, Helge"]
[Result "1-0"]
[WhiteElo "2567"]
[BlackElo "2005"]
[PlyCount "51"]
[EventDate "2017.??.??"]

1. d4 Nf6 2. c4 e6 3. Nc3 Bb4 4. e3 b6 5. Nge2 Bb7 6. a3 Bxc3+ 7. Nxc3 Ne4 8.
Nxe4 Bxe4 9. Qg4 Bg6 10. Bd2 f5 11. Qf3 Nc6 12. h4 O-O 13. h5 Bf7 14. Bc3 d5
15. cxd5 Qxd5 16. Qg3 Qd6 17. f4 Ne7 18. d5 g6 19. Be5 Qd7 20. dxe6 Qxe6 21.
Rc1 c6 22. Qg5 Be8 23. Qh6 Qf7 24. Bc4 Nd5 25. Bxd5 cxd5 26. Rc7 1-0

[Event "Heusenstamm Sparkassen Open"]
[Site "Heusenstamm"]
[Date "2017.11.23"]
[Round "1.4"]
[White "Englert, Jon"]
[Black "Nikolov, Momchil"]
[Result "0-1"]
[WhiteElo "2002"]
[BlackElo "2561"]
[PlyCount "90"]
[EventDate "2017.??.??"]

1. d4 Nf6 2. c4 e6 3. Nc3 c5 4. d5 exd5 5. cxd5 d6 6. Nf3 g6 7. e4 a6 8. a4 Bg4
9. h3 Bxf3 10. Qxf3 Bg7 11. Be2 O-O 12. O-O Nbd7 13. Re1 Rb8 14. Bf1 Ne8 15.
Qg3 Nc7 16. Bg5 f6 17. Bf4 Ne5 18. Bc1 b5 19. f4 Nd7 20. axb5 axb5 21. Ra7 Re8
22. f5 Ne5 23. fxg6 hxg6 24. Bf4 Re7 25. Rea1 g5 26. Bd2 Nf7 27. Qf3 Ne5 28.
Qg3 Nf7 29. Qf3 Re5 30. g4 Qc8 31. Nd1 Rb7 32. Rxb7 Qxb7 33. Nf2 Re8 34. Bc3 b4
35. Bxf6 Ne5 36. Bxe5 Rxe5 37. Ra2 Re8 38. b3 Rf8 39. Qe3 Rf4 40. h4 Bd4 41.
Qd3 Qc8 42. e5 Qxg4+ 43. Bg2 Qxh4 44. Qf1 Bxe5 45. Qe1 g4 0-1

[Event "Heusenstamm Sparkassen Open"]
[Site "Heusenstamm"]
[Date "2017.11.23"]
[Round "1.5"]
[White "Sivuk, Vitaly"]
[Black "Wachsmann, Dietmar"]
[Result "1-0"]
[WhiteElo "2551"]
[BlackElo "1999"]
[PlyCount "109"]
[EventDate "2017.??.??"]

1. d4 d5 2. c4 e6 3. Nf3 c6 4. Qc2 Nd7 5. Bf4 Ngf6 6. e3 Be7 7. h3 O-O 8. Nc3
Qa5 9. Nd2 Re8 10. Bd3 Bf8 11. cxd5 exd5 12. O-O Qd8 13. Rab1 g6 14. b4 b5 15.
a4 a6 16. a5 Nh5 17. Bh2 f5 18. Nf3 Nhf6 19. Qb3 Bb7 20. Rfc1 Qe7 21. Rc2 Ne4
22. Bxe4 fxe4 23. Ne5 Nf6 24. Na2 Qe6 25. Rc3 Rac8 26. Qc2 Nd7 27. Nc1 Be7 28.
Ne2 g5 29. Nxd7 Qxd7 30. Be5 Rf8 31. Ng3 g4 32. Kh2 Rf7 33. Qe2 Rcf8 34. Qxg4+
Qxg4 35. hxg4 Rxf2 36. Nf5 Bg5 37. Kg3 Re2 38. Rh1 Bc8 39. Rxc6 Bxf5 40. gxf5
Rxe3+ 41. Kg4 Be7 42. Rxa6 Re2 43. g3 Bxb4 44. Ra7 Rf7 45. Rxf7 Kxf7 46. Rxh7+
Kf8 47. a6 Ra2 48. a7 e3 49. Kf3 e2 50. a8=Q+ Rxa8 51. Kxe2 Ra2+ 52. Kf3 Bd2
53. Rb7 b4 54. Bd6+ Ke8 55. f6 1-0

[Event "Heusenstamm Sparkassen Open"]
[Site "Heusenstamm"]
[Date "2017.11.23"]
[Round "1.7"]
[White "Kollars, Dmitrij"]
[Black "Perske, Paul"]
[Result "1-0"]
[WhiteElo "2500"]
[BlackElo "1968"]
[PlyCount "53"]
[EventDate "2017.??.??"]

1. e4 e5 2. Nf3 Nc6 3. Bb5 a6 4. Ba4 Nf6 5. O-O Be7 6. d3 b5 7. Bb3 d6 8. a3
O-O 9. Nc3 Bg4 10. Be3 Na5 11. Ba2 c5 12. h3 Bh5 13. Nd5 Nxd5 14. Bxd5 Rc8 15.
g4 Bg6 16. b4 cxb4 17. axb4 Nc6 18. Qd2 Qd7 19. Rxa6 h5 20. Nh2 hxg4 21. hxg4
Nd4 22. Bxd4 exd4 23. f4 Rc3 24. f5 Bh7 25. Nf3 Rfc8 26. Ra2 Qc7 27. Rf2 1-0

[Event "Heusenstamm Sparkassen Open"]
[Site "Heusenstamm"]
[Date "2017.11.23"]
[Round "1.8"]
[White "Zweschper, Erich"]
[Black "Pap, Misa"]
[Result "0-1"]
[WhiteElo "1982"]
[BlackElo "2494"]
[PlyCount "74"]
[EventDate "2017.??.??"]

1. e4 c5 2. Nf3 Nc6 3. d4 cxd4 4. Nxd4 e5 5. Ne2 Nf6 6. Nbc3 Bc5 7. Be3 Bxe3 8.
fxe3 Qb6 9. Qd2 O-O 10. h3 Qxb2 11. Rb1 Qa3 12. g4 d6 13. Ng3 Be6 14. Be2 Rfc8
15. Nd5 Bxd5 16. exd5 Qxa2 17. O-O Qxd5 18. Qe1 Rc7 19. Rxf6 gxf6 20. Nh5 Qc5
21. Qf2 Qxc2 22. Rf1 Nd8 23. Nxf6+ Kf8 24. Qh4 Qg6 25. Nxh7+ Kg7 26. Nf6 Ne6
27. Nh5+ Kf8 28. Rf6 Qe4 29. Kf2 Qh7 30. g5 Ng7 31. Rh6 Qf5+ 32. Kg3 Rc3 33.
Kg2 Rxe3 34. Rh8+ Ke7 35. Ng3 Rxg3+ 36. Kxg3 Rxh8 37. Qxh8 Qxg5+ 0-1

[Event "Heusenstamm Sparkassen Open"]
[Site "Heusenstamm"]
[Date "2017.11.23"]
[Round "1.9"]
[White "Enchev, Ivajlo"]
[Black "Schmidt, Max"]
[Result "1-0"]
[WhiteElo "2490"]
[BlackElo "1992"]
[PlyCount "57"]
[EventDate "2017.??.??"]

1. Nf3 Nf6 2. c4 c5 3. Nc3 g6 4. e3 Bg7 5. d4 cxd4 6. exd4 d5 7. Bg5 dxc4 8.
Bxc4 O-O 9. h3 Nbd7 10. O-O a6 11. a4 b6 12. Re1 Bb7 13. Ne5 h6 14. Bxf6 Nxf6
15. Nxg6 Re8 16. Ne5 e6 17. Re3 Rc8 18. Rg3 Re7 19. Ba2 Nd7 20. Qg4 Qf8 21.
Nxd7 Rxd7 22. d5 Bxd5 23. Nxd5 Rxd5 24. Bxd5 exd5 25. Rd1 Rd8 26. Qh5 Kh8 27.
Rxd5 Rxd5 28. Qxd5 Bxb2 29. Rb3 1-0

[Event "Heusenstamm Sparkassen Open"]
[Site "Heusenstamm"]
[Date "2017.11.23"]
[Round "1.10"]
[White "Guenther, Andreas"]
[Black "Noe, Christopher"]
[Result "0-1"]
[WhiteElo "1991"]
[BlackElo "2463"]
[PlyCount "54"]
[EventDate "2017.??.??"]

1. d4 Nf6 2. Bf4 c5 3. d5 b5 4. a4 Bb7 5. e4 Nxe4 6. axb5 d6 7. c4 g6 8. Bd3
Nf6 9. Nc3 Bg7 10. Nf3 O-O 11. O-O a6 12. Qd2 axb5 13. Rxa8 Bxa8 14. Nxb5 Na6
15. Ra1 Nb4 16. Ra7 Qb6 17. Rxe7 Bxd5 18. Bxd6 Bxf3 19. gxf3 Rd8 20. Bf1 Bf8
21. Qf4 Rxd6 22. Nxd6 Bxe7 23. Ne4 Nxe4 24. fxe4 Qd6 25. Qg4 Qe5 26. h4 Bd6 27.
Bg2 Nd3 0-1

[Event "Heusenstamm Sparkassen Open"]
[Site "Heusenstamm"]
[Date "2017.11.23"]
[Round "1.11"]
[White "Karthik, Venkataraman"]
[Black "Angermuende, Dirk"]
[Result "1-0"]
[WhiteElo "2466"]
[BlackElo "1989"]
[PlyCount "37"]
[EventDate "2017.??.??"]

1. d4 e6 2. c4 Nf6 3. Nf3 c5 4. d5 b5 5. Bg5 Qa5+ 6. Nc3 Ne4 7. Bd2 Nxd2 8.
Nxd2 b4 9. Nce4 Qc7 10. g3 Bb7 11. Bg2 f5 12. Ng5 Be7 13. e4 O-O 14. h4 Bxg5
15. hxg5 g6 16. Qe2 a5 17. O-O-O a4 18. exf5 exf5 19. Rxh7 1-0

[Event "Heusenstamm Sparkassen Open"]
[Site "Heusenstamm"]
[Date "2017.11.23"]
[Round "1.12"]
[White "Feicht, Arno"]
[Black "Milov, Leonid"]
[Result "0-1"]
[WhiteElo "1988"]
[BlackElo "2453"]
[PlyCount "88"]
[EventDate "2017.??.??"]

1. e4 c5 2. a3 g6 3. b4 Bg7 4. Nc3 d6 5. g3 Nc6 6. Rb1 h5 7. Bg2 h4 8. g4 g5 9.
h3 cxb4 10. axb4 Bxc3 11. dxc3 f6 12. Ne2 Nh6 13. Nd4 Ne5 14. f4 gxf4 15. Bxf4
Nhf7 16. Nf3 Qc7 17. Qd2 Nc4 18. Qf2 e5 19. Bc1 Qb6 20. O-O Qxf2+ 21. Rxf2 Be6
22. Bf1 Ke7 23. Bxc4 Bxc4 24. Be3 a6 25. Kh2 Rac8 26. Re1 Be6 27. Bd2 Rc4 28.
Re3 Rc7 29. Bc1 b6 30. Bd2 a5 31. Bc1 a4 32. Bb2 b5 33. Nd2 Ng5 34. Nf3 Nxf3+
35. Rexf3 Rh6 36. Bc1 Rg6 37. Rxf6 Rxf6 38. Bg5 Rxc3 39. Bxf6+ Kd7 40. Rd2 Kc7
41. Bxh4 a3 42. Be7 a2 43. Rd1 Rxc2+ 44. Kg3 Rd2 0-1

[Event "Heusenstamm Sparkassen Open"]
[Site "Heusenstamm"]
[Date "2017.11.23"]
[Round "1.13"]
[White "Colpe, Malte"]
[Black "Skarke, Harald"]
[Result "1-0"]
[WhiteElo "2404"]
[BlackElo "1988"]
[PlyCount "79"]
[EventDate "2017.??.??"]

1. d4 Nf6 2. c4 e6 3. Nf3 b6 4. g3 Bb7 5. Bg2 Be7 6. O-O O-O 7. Re1 d5 8. cxd5
exd5 9. Nc3 Nbd7 10. Bf4 a6 11. Ne5 Ne4 12. Nxe4 dxe4 13. Qc2 Nf6 14. Red1 Rc8
15. Nc6 Qd7 16. Nxe7+ Qxe7 17. Bh3 Nd5 18. Bxc8 Rxc8 19. Be3 f5 20. Qd2 Rf8 21.
Bf4 Rf7 22. Rac1 h6 23. Be5 g5 24. f3 exf3 25. exf3 f4 26. Re1 fxg3 27. Bxg3
Qd7 28. Qe2 Qf5 29. Qe8+ Kg7 30. Qe5+ Qxe5 31. dxe5 Re7 32. e6 Kf6 33. Be5+ Kf5
34. Bg3 c5 35. Re5+ Kf6 36. Rd1 Nf4 37. Rd7 Ng6 38. Re3 Bc8 39. Rd6 b5 40. Rc6
1-0

[Event "Heusenstamm Sparkassen Open"]
[Site "Heusenstamm"]
[Date "2017.11.23"]
[Round "1.14"]
[White "Kalepky, Helmut"]
[Black "Gutman, Lev"]
[Result "0-1"]
[WhiteElo "1985"]
[BlackElo "2410"]
[PlyCount "88"]
[EventDate "2017.??.??"]

1. e4 c5 2. Nf3 d6 3. d4 cxd4 4. Nxd4 Nf6 5. Nc3 a6 6. Bd3 Nc6 7. Nde2 g6 8.
O-O Bg7 9. h3 O-O 10. a4 Bd7 11. Be3 Ne5 12. f4 Nxd3 13. Qxd3 b5 14. Rfd1 b4
15. e5 bxc3 16. exf6 Bxf6 17. Nxc3 Bf5 18. Qe2 Rb8 19. Rab1 Bg7 20. Kh2 Re8 21.
g4 Bc8 22. Qf2 Bb7 23. Bd4 f6 24. f5 Rc8 25. Re1 Qd7 26. b3 e5 27. fxe6 Rxe6
28. Rxe6 Qxe6 29. Re1 Qf7 30. Ne4 Bxe4 31. Rxe4 f5 32. gxf5 Qxf5 33. Rf4 Qxc2
34. Bxg7 Qxf2+ 35. Rxf2 Kxg7 36. Rd2 Rc6 37. b4 Kf6 38. b5 axb5 39. axb5 Rb6
40. Kg3 h6 41. h4 Ke5 42. Rb2 d5 43. Kf3 Kd4 44. Rg2 Rf6+ 0-1

[Event "Heusenstamm Sparkassen Open"]
[Site "Heusenstamm"]
[Date "2017.11.23"]
[Round "1.15"]
[White "Carlstedt, Jonathan"]
[Black "Kolker, Vladislav"]
[Result "1-0"]
[WhiteElo "2403"]
[BlackElo "1985"]
[PlyCount "37"]
[EventDate "2017.??.??"]

1. d4 Nf6 2. Bg5 e6 3. Nd2 h6 4. Bh4 c5 5. e4 g5 6. Bg3 cxd4 7. e5 Nd5 8. Ngf3
Nc6 9. Bc4 Nb6 10. Bd3 d6 11. Ne4 dxe5 12. Nxe5 Bg7 13. Nxc6 bxc6 14. h4 e5 15.
hxg5 hxg5 16. Rxh8+ Bxh8 17. Qh5 Bf6 18. Qh6 Be7 19. Bxe5 1-0

[Event "Heusenstamm Sparkassen Open"]
[Site "Heusenstamm"]
[Date "2017.11.23"]
[Round "1.16"]
[White "Rack, Matthias"]
[Black "Thinius, Marco"]
[Result "0-1"]
[WhiteElo "1984"]
[BlackElo "2375"]
[PlyCount "44"]
[EventDate "2017.??.??"]

1. d4 Nf6 2. c4 g6 3. Nc3 d5 4. cxd5 Nxd5 5. Bd2 Bg7 6. e4 Nxc3 7. Bxc3 O-O 8.
Nf3 Bg4 9. Be2 c5 10. dxc5 Bxc3+ 11. bxc3 Qc7 12. Qb3 Nd7 13. O-O Nxc5 14. Qc2
Rac8 15. Rac1 Qf4 16. h3 Bd7 17. Rfe1 Rfd8 18. Bc4 Ba4 19. Qe2 b5 20. g3 Qh6
21. Bxb5 Bxb5 22. Qxb5 Nd3 0-1

[Event "Sparkassen-Open A"]
[Site "Heusenstamm, Martinsee"]
[Date "2017.11.23"]
[Round "1.17"]
[White "Biriukov, Nikolai"]
[Black "Zimmer, Gerald"]
[Result "1-0"]
[WhiteElo "2393"]
[BlackElo "1982"]
[PlyCount "75"]
[EventDate "2017.??.??"]
[WhiteTeam "Bahn-SC Wuppertal"]
[BlackTeam "SC Bergen-Enkheim"]

1. d4 d5 2. c4 e6 3. Nc3 Nf6 4. cxd5 exd5 5. Bg5 Be7 6. e3 c6 7. Bd3 O-O 8. Qc2
h6 9. Bh4 Nbd7 10. Nge2 Re8 11. f3 c5 12. O-O a6 13. Rad1 cxd4 14. Nxd4 Ne5 15.
Qb3 g5 16. Bf2 Nxd3 17. Rxd3 Bc5 18. Qd1 Qe7 19. Re1 Bb4 20. a3 Bxc3 21. Rxc3
Be6 22. Re2 Rec8 23. Be1 Bd7 24. Rxc8+ Rxc8 25. Bb4 Qe5 26. Bc3 Qd6 27. Re1 Re8
28. Qd2 Qe7 29. Nc2 Bc6 30. Qd4 Kg7 31. Nb4 Rd8 32. h3 Kg6 33. Nd3 Bd7 34. Ne5+
Kg7 35. Rf1 Bb5 36. Ng4 Rd6 37. Rd1 Qd8 38. e4 1-0

[Event "Sparkassen-Open A"]
[Site "Heusenstamm, Martinsee"]
[Date "2017.11.23"]
[Round "1.18"]
[White "Gentner, Markus"]
[Black "Pfreundt, Jakob"]
[Result "0-1"]
[WhiteElo "1978"]
[BlackElo "2391"]
[PlyCount "72"]
[EventDate "2017.??.??"]
[WhiteTeam "SC Murrhardt"]
[BlackTeam "Königsspr. SC"]

1. Nf3 d5 2. c4 e6 3. b3 Nf6 4. Bb2 Be7 5. g3 O-O 6. Bg2 b6 7. O-O Bb7 8. d4
dxc4 9. bxc4 c5 10. d5 exd5 11. Ne5 Nbd7 12. Qc1 Nxe5 13. Bxe5 Qc8 14. Nc3 dxc4
15. e4 Rd8 16. Re1 h6 17. Bf1 Qe6 18. Bf4 a6 19. a4 Bf8 20. Rb1 Rd3 21. Bg2 Re8
22. Qb2 Nd7 23. Bd2 Qe5 24. Qc2 Qd4 25. Rbd1 Ne5 26. Ne2 Qd7 27. Nf4 Nf3+ 28.
Bxf3 Rxf3 29. Be3 Qg4 30. h3 Qc8 31. Nd5 Bxd5 32. Rxd5 b5 33. Kg2 Rf6 34. Red1
Qc6 35. f4 Rfe6 36. Qf2 Rxe4 0-1

[Event "Sparkassen-Open A"]
[Site "Heusenstamm, Martinsee"]
[Date "2017.11.23"]
[Round "1.19"]
[White "Lagunow, Raphael"]
[Black "Tremöhlen, Thomas"]
[Result "1/2-1/2"]
[WhiteElo "2385"]
[BlackElo "1978"]
[PlyCount "62"]
[EventDate "2017.??.??"]
[WhiteTeam "SK Zehlendorf"]
[BlackTeam "SG Kaarst"]

1. e4 c5 2. Nf3 Nc6 3. d4 cxd4 4. Nxd4 e5 5. Nb5 a6 6. Nd6+ Bxd6 7. Qxd6 Qf6 8.
Qxf6 Nxf6 9. Nc3 d5 10. exd5 Nb4 11. Bd3 Nxd3+ 12. cxd3 Bf5 13. O-O O-O-O 14.
Bg5 Bxd3 15. Rfd1 Bf5 16. Rac1 Kb8 17. f3 Rd6 18. g4 Bg6 19. h3 h6 20. Bh4 Re8
21. Bg3 Nd7 22. f4 f6 23. Rd2 Ka8 24. Rcd1 exf4 25. Bxf4 Ne5 26. Kg2 Rd7 27.
Re2 Nc4 28. Rxe8+ Bxe8 29. Rd4 Nb6 30. b3 Nxd5 31. Nxd5 Rxd5 1/2-1/2

[Event "Sparkassen-Open A"]
[Site "Heusenstamm, Martinsee"]
[Date "2017.11.23"]
[Round "1.20"]
[White "Blübaum, Johanna"]
[Black "Winterberg, Lukas"]
[Result "0-1"]
[WhiteElo "1974"]
[BlackElo "2384"]
[PlyCount "92"]
[EventDate "2017.??.??"]
[WhiteTeam "SV Königsspringer Lemgo"]
[BlackTeam "SC Heimbach-Weis"]

1. d4 Nf6 2. c4 e6 3. Nf3 d5 4. Nc3 Be7 5. e3 O-O 6. Bd3 b6 7. O-O dxc4 8. Bxc4
Bb7 9. Qe2 c5 10. Rd1 cxd4 11. Nxd4 Qc8 12. e4 Nc6 13. Nxc6 Qxc6 14. f3 a6 15.
Bf4 b5 16. Bb3 Rfd8 17. Rxd8+ Rxd8 18. Rd1 Nd7 19. a3 Ne5 20. Rxd8+ Bxd8 21.
Kh1 Bc7 22. Na2 h6 23. Nb4 Qd7 24. Bc2 Qd4 25. Bb1 Bb6 26. Qe1 Qxb2 27. Qc1 Qd4
28. Nc2 Qc3 29. Nb4 Qxc1+ 30. Bxc1 Kf8 31. Nd3 Nxd3 32. Bxd3 e5 33. g3 f5 34.
Kg2 fxe4 35. fxe4 Ke7 36. Kf3 Bc8 37. g4 Kd6 38. h4 Bd8 39. g5 h5 40. Ke2 Bg4+
41. Kf2 Bb6+ 42. Ke1 g6 43. a4 bxa4 44. Bxa6 Ba5+ 45. Kf2 Bb4 46. Bb5 a3 0-1

[Event "Sparkassen-Open A"]
[Site "Heusenstamm, Martinsee"]
[Date "2017.11.23"]
[Round "1.21"]
[White "Jahncke, Giso"]
[Black "Schmitt, Carsten"]
[Result "1-0"]
[WhiteElo "2352"]
[BlackElo "1962"]
[PlyCount "43"]
[EventDate "2017.??.??"]
[WhiteTeam "FC ST.Pauli"]
[BlackTeam "SV Bergwinkel"]

1. Nf3 d5 2. c4 e6 3. g3 c5 4. Bg2 Nc6 5. d4 Nf6 6. O-O Be7 7. dxc5 Bxc5 8. a3
a5 9. Nc3 O-O 10. Bf4 Re8 11. Ne5 Nxe5 12. Bxe5 Nd7 13. Bd4 dxc4 14. Ne4 Bxd4
15. Qxd4 Qb6 16. Qxc4 Qxb2 17. Nd6 Rd8 18. Qc7 Rf8 19. Rab1 Qxa3 20. Nxc8 Nc5
21. Nb6 Na6 22. Qxb7 1-0

[Event "Sparkassen-Open A"]
[Site "Heusenstamm, Martinsee"]
[Date "2017.11.23"]
[Round "1.22"]
[White "Prill, Gerhard"]
[Black "Sai Agni Jeevitesh, J."]
[Result "0-1"]
[WhiteElo "1960"]
[BlackElo "2364"]
[PlyCount "52"]
[EventDate "2017.??.??"]
[WhiteTeam "SC Heitersheim"]
[BlackTeam "vereinslos"]

1. e4 e6 2. d4 d5 3. Nc3 Bb4 4. e5 c5 5. a3 Bxc3+ 6. bxc3 Ne7 7. Qg4 Qc7 8.
Qxg7 Rg8 9. Qxh7 cxd4 10. Ne2 Nbc6 11. f4 dxc3 12. Qd3 d4 13. Rb1 Bd7 14. Nxd4
Nxd4 15. Qxd4 Nf5 16. Qf2 Qc6 17. Rb4 Qd5 18. Rg1 Bc6 19. g4 O-O-O 20. Bd3 Nd4
21. Rg3 Qh1+ 22. Bf1 Nf3+ 23. Rxf3 Bxf3 24. Rd4 Bxg4 25. Rd3 Rxd3 26. cxd3 Bh3
0-1

[Event "Sparkassen-Open A"]
[Site "Heusenstamm, Martinsee"]
[Date "2017.11.23"]
[Round "1.23"]
[White "Kramer, Julian"]
[Black "Altenbernd, Jannis-Domenik"]
[Result "1/2-1/2"]
[WhiteElo "2356"]
[BlackElo "1958"]
[PlyCount "56"]
[EventDate "2017.??.??"]
[WhiteTeam "Hamburger SK"]
[BlackTeam "SG Bünde"]

1. e4 c5 2. Nf3 d6 3. d4 cxd4 4. Nxd4 Nf6 5. Nc3 a6 6. a3 g6 7. Bc4 Bg7 8. f3
Qc7 9. Ba2 Nbd7 10. g4 Nb6 11. Be3 h5 12. g5 Nfd7 13. Qe2 Ne5 14. O-O-O Bd7 15.
Kb1 Rc8 16. Nd5 Nxd5 17. exd5 Nc4 18. Bc1 O-O 19. Rhe1 Rfe8 20. Qe4 Na5 21. Bd2
Nc4 22. Bxc4 Qxc4 23. Bc1 Qc7 24. c3 b5 25. Qe2 Qb7 26. Nb3 Qc7 27. Nd4 Qb7 28.
Nb3 Qc7 1/2-1/2

[Event "Sparkassen-Open A"]
[Site "Heusenstamm, Martinsee"]
[Date "2017.11.23"]
[Round "1.24"]
[White "Berberich, Christoph"]
[Black "Schnepp, Gunnar"]
[Result "0-1"]
[WhiteElo "1958"]
[BlackElo "2349"]
[PlyCount "64"]
[EventDate "2017.??.??"]
[WhiteTeam "SGEM Dreisamtal"]
[BlackTeam "SK Lauffen"]

1. d4 Nf6 2. Nf3 g6 3. c4 c5 4. e3 Bg7 5. Be2 O-O 6. O-O cxd4 7. exd4 d5 8. Re1
dxc4 9. Bxc4 Nc6 10. Nc3 Bg4 11. d5 Na5 12. Be2 Rc8 13. h3 Bf5 14. Bf1 a6 15.
Nd4 Bd7 16. Nb3 Nc4 17. Bxc4 Rxc4 18. Qe2 Qc7 19. d6 exd6 20. Bg5 Be6 21. Rad1
h6 22. Be3 Rd8 23. Nd4 Bc8 24. Qd2 Kh7 25. Bf4 b5 26. Nde2 b4 27. Nd5 Nxd5 28.
Qxd5 Be6 29. Qd3 Bxb2 30. Bxd6 Qc6 31. Qg3 Re4 32. Bxb4 Rxd1 0-1

[Event "Sparkassen-Open A"]
[Site "Heusenstamm, Martinsee"]
[Date "2017.11.23"]
[Round "1.25"]
[White "Berg, Klaus"]
[Black "Musiolik, David"]
[Result "1/2-1/2"]
[WhiteElo "2340"]
[BlackElo "1958"]
[PlyCount "80"]
[EventDate "2017.??.??"]
[WhiteTeam "SG Turm Kiel"]
[BlackTeam "SC Ramstein"]

1. d4 d5 2. c4 e6 3. Nc3 Be7 4. Nf3 Nf6 5. e3 O-O 6. Bd3 b6 7. O-O Bb7 8. b3
Nbd7 9. Bb2 c5 10. Qe2 Ne4 11. Rfd1 Ndf6 12. dxc5 Nxc5 13. cxd5 Nxd3 14. Qxd3
Nxd5 15. Nxd5 Qxd5 16. Qe2 Qh5 17. Rd7 Bxf3 18. Qxf3 Qxf3 19. gxf3 Bc5 20. Rad1
a5 21. Bd4 a4 22. Bxc5 bxc5 23. Rb7 axb3 24. axb3 Rab8 25. Rdd7 Rxb7 26. Rxb7
Rc8 27. Kf1 h6 28. Ke2 c4 29. bxc4 Rxc4 30. f4 g5 31. fxg5 hxg5 32. Kf3 Kg7 33.
Kg3 e5 34. f3 Rh4 35. Re7 Kf6 36. Re8 Kf5 37. e4+ Kf6 38. h3 Rh6 39. Rg8 Rh4
40. Re8 Rh6 1/2-1/2

[Event "Sparkassen-Open A"]
[Site "Heusenstamm, Martinsee"]
[Date "2017.11.23"]
[Round "1.26"]
[White "Becker, Peter"]
[Black "Klundt, Klaus"]
[Result "0-1"]
[WhiteElo "1952"]
[BlackElo "2332"]
[PlyCount "46"]
[EventDate "2017.??.??"]
[WhiteTeam "SF Schöneck"]
[BlackTeam "SC Heusenstamm"]

1. f4 Nf6 2. Nf3 g6 3. b3 Bg7 4. Bb2 d6 5. e3 O-O 6. Be2 c5 7. c4 Nc6 8. O-O e5
9. fxe5 Ng4 10. h3 Ngxe5 11. Nxe5 dxe5 12. Bf3 Bf5 13. e4 Be6 14. Nc3 Qd4+ 15.
Kh2 Rad8 16. d3 Qxd3 17. Qxd3 Rxd3 18. Nd5 Nd4 19. Rad1 Rxd1 20. Bxd1 f5 21.
exf5 gxf5 22. Bc1 Bxd5 23. cxd5 Rd8 0-1

[Event "Sparkassen-Open A"]
[Site "Heusenstamm, Martinsee"]
[Date "2017.11.23"]
[Round "1.27"]
[White "Solonar, Stefan"]
[Black "Junker, Christian"]
[Result "1-0"]
[WhiteElo "2315"]
[BlackElo "1952"]
[PlyCount "45"]
[EventDate "2017.??.??"]
[WhiteTeam "SC Heusenstamm"]
[BlackTeam "SV Neu-Isenburg"]

1. c4 f5 2. g3 Nf6 3. Bg2 e6 4. d3 d5 5. Nd2 c5 6. Nh3 Nc6 7. cxd5 exd5 8. O-O
Be7 9. Nf3 O-O 10. Nf4 a5 11. d4 c4 12. b3 cxb3 13. a4 Nb4 14. Qxb3 Qb6 15. Ba3
Rd8 16. Rfd1 Ra6 17. Rab1 Be6 18. Ng5 Bf7 19. Nxf7 Kxf7 20. Bxb4 Bxb4 21. Bxd5+
Ke7 22. Bc4 Raa8 23. Qe3+ 1-0

[Event "Sparkassen-Open A"]
[Site "Heusenstamm, Martinsee"]
[Date "2017.11.23"]
[Round "1.28"]
[White "Wolff, Michael"]
[Black "Euler, Gerd"]
[Result "1-0"]
[WhiteElo "1951"]
[BlackElo "2315"]
[PlyCount "61"]
[EventDate "2017.??.??"]
[WhiteTeam "Ford SF Köln"]
[BlackTeam "SSG Hungen-Lich"]

1. e4 e5 2. f4 d5 3. exd5 c6 4. Nc3 exf4 5. Nf3 Bd6 6. Bc4 Ne7 7. O-O O-O 8. d4
Bg4 9. a4 cxd5 10. Nxd5 Nbc6 11. Nxe7+ Qxe7 12. c3 Rae8 13. Bd2 g5 14. b4 Qf6
15. Qb3 Bxf3 16. gxf3 Nxd4 17. cxd4 Qxd4+ 18. Kh1 Qxd2 19. Rg1 h6 20. Rad1 Qxb4
21. Qd3 Be5 22. Qe4 Bc3 23. Qd5 Re5 24. Qd3 Re7 25. Rb1 Qxa4 26. Qxc3 Rc7 27.
Qf6 Rc6 28. Rxg5+ hxg5 29. Qxg5+ Kh7 30. Bd3+ Kh8 31. Rg1 1-0

[Event "Sparkassen-Open A"]
[Site "Heusenstamm, Martinsee"]
[Date "2017.11.23"]
[Round "1.29"]
[White "Legde, Georg"]
[Black "Pabel, Ralph"]
[Result "1-0"]
[WhiteElo "2306"]
[BlackElo "1950"]
[PlyCount "111"]
[EventDate "2017.??.??"]
[WhiteTeam "Freibauer Mörlenbach"]
[BlackTeam "SK Mainaschaff"]

1. Nf3 d5 2. d4 c6 3. c4 e6 4. g3 Bd6 5. Bg2 Nd7 6. O-O f5 7. Bg5 Ngf6 8. Qc1
b5 9. cxd5 cxd5 10. Qc6 Qb6 11. Rc1 Qxc6 12. Rxc6 Ke7 13. Nbd2 Bb7 14. Rcc1 h6
15. Bf4 g5 16. Bxd6+ Kxd6 17. Nb3 Rac8 18. h4 Ne4 19. hxg5 hxg5 20. Ne1 Rxc1
21. Rxc1 Rc8 22. Rxc8 Bxc8 23. Nd3 Nb6 24. Nbc5 Na4 25. Nxa4 bxa4 26. Ne5 Nd2
27. e3 Ba6 28. Nf7+ Ke7 29. Nxg5 Bc4 30. a3 Be2 31. Nh3 Nc4 32. Nf4 Bd1 33. Nd3
Bc2 34. Nb4 Bb1 35. Nc6+ Kd6 36. Nxa7 Nxb2 37. Nb5+ Kc6 38. Bf1 Bc2 39. Be2 Bb3
40. Nc3 Kb6 41. Kg2 Ka5 42. g4 fxg4 43. Kg3 Kb6 44. Kf4 Kc6 45. Ke5 Kd7 46. Kf6
Kd6 47. Nb5+ Kd7 48. Bxg4 Nc4 49. Bxe6+ Kc6 50. Nc3 Nxa3 51. Ke7 Kb6 52. f4 Nc2
53. f5 Nxe3 54. f6 Ka5 55. f7 Kb4 56. Nxa4 1-0

[Event "Sparkassen-Open A"]
[Site "Heusenstamm, Martinsee"]
[Date "2017.11.23"]
[Round "1.30"]
[White "Schindelmeiser, Frank"]
[Black "Boe, Mads"]
[Result "0-1"]
[WhiteElo "1944"]
[BlackElo "2297"]
[PlyCount "96"]
[EventDate "2017.??.??"]
[WhiteTeam "SV Oberursel"]
[BlackTeam "SG Turm Kiel"]

1. c4 f5 2. g3 Nf6 3. Nc3 e6 4. Bg2 d5 5. d3 d4 6. Nb1 c5 7. Nf3 Nc6 8. O-O Bd6
9. e3 O-O 10. exd4 cxd4 11. Na3 e5 12. Ng5 Bc5 13. f4 h6 14. fxe5 Nxe5 15. Bf4
Ng6 16. Nh3 a6 17. Qd2 Nxf4 18. Nxf4 Qd6 19. Nc2 a5 20. Rae1 Kh7 21. a3 a4 22.
Re2 Bd7 23. Rfe1 Rae8 24. Nb4 b5 25. cxb5 Bxb5 26. Re6 Qd7 27. R1e5 Ba7 28. Qe1
Bb8 29. Re2 Rxe6 30. Nxe6 Re8 31. Qf2 g6 32. Nf4 Kg7 33. Nfd5 Rxe2 34. Qxe2
Nxd5 35. Bxd5 Bd6 36. Bc4 Bxc4 37. dxc4 Bxb4 38. axb4 d3 39. Qd2 Qd4+ 40. Kf1
Qxc4 41. Ke1 g5 42. Kd1 Kg6 43. Qc1 Qxb4 44. Qc6+ Kh5 45. h3 Qe4 46. g4+ Kh4
47. Qxh6+ Kg3 48. Qd6+ f4 0-1